[Event "European Senior Team Championship 2021"]
[Site "Don Giovanni hotel, Vinohradska 2733, Prague, Czech Republic"]
[Date "2021.08.30"]
[Round "1"]
[Board "1"]
[White "Hracek, Zbynek"]
[Black "Sorm, Daniel"]
[Result "1/2-1/2"]
[WhiteElo "2565"]
[BlackElo "2350"]
[PlyCount "0"]
[EventDate "2021.08.30"]
[EventType "team"]
[EventRounds "9"]
[EventCountry "ECX"]
[WhiteTeam "CZECH REPUBLIC"]
[BlackTeam "1960-69"]

1. e4 {[%clk 1:30:56]} c5 {[%clk 1:30:40]} 2. Nf3 {[%clk 1:31:20]} Nc6
{[%clk 1:31:04]} 3. Bb5 {[%clk 1:27:53]} g6 {[%clk 1:28:44]} 4. O-O
{[%clk 1:28:04]} Bg7 {[%clk 1:29:10]} 5. Re1 {[%clk 1:26:56]} e5 {[%clk 1:27:39]}
6. Bxc6 {[%clk 1:27:14]} dxc6 {[%clk 1:26:59]} 7. a3 {[%clk 1:27:39]} a5
{[%clk 1:20:28]} 8. d3 {[%clk 1:24:41]} Ne7 {[%clk 1:16:56]} 9. Be3
{[%clk 1:13:04]} b6 {[%clk 1:17:08]} 10. Nbd2 {[%clk 1:13:30]} Qc7
{[%clk 1:05:55]} 11. Nc4 {[%clk 1:04:42]} Be6 {[%clk 0:49:51]} 12. b4
{[%clk 0:54:00]} Bxc4 {[%clk 0:48:18]} 13. dxc4 {[%clk 0:54:18]} axb4
{[%clk 0:48:39]} 14. axb4 {[%clk 0:54:43]} Rxa1 {[%clk 0:48:43]} 15. Qxa1
{[%clk 0:55:08]} cxb4 {[%clk 0:49:07]} 16. Qa8+ {[%clk 0:35:21]} Nc8
{[%clk 0:47:51]} 17. Qa4 {[%clk 0:33:47]} O-O {[%clk 0:43:49]} 18. c5
{[%clk 0:32:51]} bxc5 {[%clk 0:41:40]} 19. Bxc5 {[%clk 0:33:17]} Rd8
{[%clk 0:41:48]} 20. Qxb4 {[%clk 0:33:44]} Bf8 {[%clk 0:39:32]} 21. Bxf8
{[%clk 0:30:45]} Rxf8 {[%clk 0:39:54]} 22. Rd1 {[%clk 0:31:11]} Rd8
{[%clk 0:38:32]} 23. Rxd8+ {[%clk 0:31:08]} Qxd8 {[%clk 0:38:56]} 24. g3
{[%clk 0:31:33]} Qc7 {[%clk 0:33:56]} 25. h4 {[%clk 0:26:02]} h5 {[%clk 0:29:08]}
26. c4 {[%clk 0:21:35]} c5 {[%clk 0:22:22]} 27. Qd2 {[%clk 0:21:17]} Kg7
{[%clk 0:20:40]} 28. Qd5 {[%clk 0:19:25]} f6 {[%clk 0:14:01]} 29. Nd2
{[%clk 0:19:43]} Ne7 {[%clk 0:09:12]} 30. Qa8 {[%clk 0:14:41]} Qd7
{[%clk 0:08:10]} 31. Nf1 {[%clk 0:15:00]} Qc6 {[%clk 0:03:35]} 32. Qa7
{[%clk 0:11:55]} Kf8 {[%clk 0:03:54]} 33. Ne3 {[%clk 0:09:51]} Qxe4
{[%clk 0:03:41]} 34. Qxc5 {[%clk 0:10:18]} Qd4 {[%clk 0:02:30]} 35. Qc7
{[%clk 0:09:10]} f5 {[%clk 0:02:27]} 36. Qb8+ {[%clk 0:08:35]} Kf7
{[%clk 0:01:44]} 37. Qh8 {[%clk 0:05:32]} Qc5 {[%clk 0:02:00]} 38. Qh7+
{[%clk 0:02:25]} Kf6 {[%clk 0:02:27]} 39. Qh6 {[%clk 0:02:17]} Kf7
{[%clk 0:02:12]}  1/2-1/2

[Event "European Senior Team Championship 2021"]
[Site "Don Giovanni hotel, Vinohradska 2733, Prague, Czech Republic"]
[Date "2021.08.30"]
[Round "1"]
[Board "2"]
[White "Vrbata, Zbynek"]
[Black "Haba, Petr"]
[Result "0-1"]
[WhiteElo "2339"]
[BlackElo "2444"]
[PlyCount "0"]
[EventDate "2021.08.30"]
[EventType "team"]
[EventRounds "9"]
[EventCountry "ECX"]
[WhiteTeam "1960-69"]
[BlackTeam "CZECH REPUBLIC"]

1. d4 {[%clk 1:30:45]} d5 {[%clk 1:30:02]} 2. c4 {[%clk 1:30:55]} e6
{[%clk 1:30:20]} 3. Nc3 {[%clk 1:30:28]} c6 {[%clk 1:30:39]} 4. Nf3
{[%clk 1:29:55]} Nf6 {[%clk 1:30:39]} 5. cxd5 {[%clk 1:27:36]} exd5
{[%clk 1:31:02]} 6. Bg5 {[%clk 1:27:58]} Be7 {[%clk 1:31:21]} 7. Qc2
{[%clk 1:27:26]} g6 {[%clk 1:31:41]} 8. e3 {[%clk 1:27:41]} Bf5 {[%clk 1:32:02]}
9. Bd3 {[%clk 1:27:50]} Bxd3 {[%clk 1:32:26]} 10. Qxd3 {[%clk 1:28:14]} Nbd7
{[%clk 1:32:50]} 11. O-O {[%clk 1:28:23]} O-O {[%clk 1:33:08]} 12. Rab1
{[%clk 1:28:30]} a5 {[%clk 1:32:44]} 13. h3 {[%clk 1:24:43]} Re8 {[%clk 1:31:36]}
14. Bf4 {[%clk 1:20:15]} Nb6 {[%clk 1:29:17]} 15. Ne5 {[%clk 1:16:56]} Nfd7
{[%clk 1:23:38]} 16. Bh2 {[%clk 1:04:46]} Kg7 {[%clk 1:19:37]} 17. b3
{[%clk 0:49:57]} Nc8 {[%clk 1:14:58]} 18. Na4 {[%clk 0:48:32]} Bd6
{[%clk 1:14:55]} 19. Nxd7 {[%clk 0:40:36]} Bxh2+ {[%clk 1:12:54]} 20. Kxh2
{[%clk 0:41:02]} Qxd7 {[%clk 1:13:19]} 21. Kg1 {[%clk 0:41:00]} Qe7
{[%clk 1:12:09]} 22. Rbc1 {[%clk 0:37:17]} h5 {[%clk 1:07:59]} 23. Nc5
{[%clk 0:30:48]} Nd6 {[%clk 1:07:39]} 24. Rce1 {[%clk 0:28:18]} Qh4
{[%clk 0:58:28]} 25. Kh2 {[%clk 0:12:39]} Re7 {[%clk 0:55:50]} 26. Qd1
{[%clk 0:09:10]} Qf6 {[%clk 0:53:07]} 27. Qf3 {[%clk 0:05:54]} Nf5
{[%clk 0:50:08]} 28. Kg1 {[%clk 0:04:22]} Rae8 {[%clk 0:48:23]} 29. Nd3
{[%clk 0:04:35]} Qg5 {[%clk 0:48:31]} 30. Kh2 {[%clk 0:04:16]} f6
{[%clk 0:44:07]} 31. Rd1 {[%clk 0:04:05]} Qh6 {[%clk 0:42:27]} 32. Qf4
{[%clk 0:03:32]} Qh7 {[%clk 0:42:36]} 33. Kg1 {[%clk 0:03:09]} g5
{[%clk 0:27:52]} 34. Qf3 {[%clk 0:03:15]} Qg6 {[%clk 0:23:09]} 35. g4
{[%clk 0:02:58]} hxg4 {[%clk 0:17:21]} 36. hxg4 {[%clk 0:03:19]} Nh6
{[%clk 0:17:46]} 37. Kg2 {[%clk 0:03:05]} Re4 {[%clk 0:14:12]} 38. Rh1
{[%clk 0:03:27]} Rxg4+ {[%clk 0:12:13]} 39. Kf1 {[%clk 0:03:52]} Rge4
{[%clk 0:12:39]} 40. Nc5 {[%clk 0:02:57]} R4e7 {[%clk 0:12:52]} 41. Nd3
{[%clk 0:27:04]} Nf5 {[%clk 0:37:00]} 42. Qh3 {[%clk 0:20:35]} Re4
{[%clk 0:32:05]} 43. Qf3 {[%clk 0:11:44]} Nh4 {[%clk 0:23:54]} 44. Qh3
{[%clk 0:08:31]} Qf5 {[%clk 0:21:13]} 45. Nc5 {[%clk 0:08:04]} Qxh3+
{[%clk 0:19:31]} 46. Rxh3 {[%clk 0:08:32]} R4e7 {[%clk 0:19:57]} 47. Ke2
{[%clk 0:06:58]} Nf5 {[%clk 0:20:12]} 48. Kd3 {[%clk 0:06:41]} Rh8
{[%clk 0:20:15]} 49. Rxh8 {[%clk 0:06:31]} Kxh8 {[%clk 0:20:44]} 50. Rg1
{[%clk 0:05:51]} Kg7 {[%clk 0:18:10]} 51. a3 {[%clk 0:04:34]} Nd6
{[%clk 0:17:04]} 52. f3 {[%clk 0:04:30]} Kg6 {[%clk 0:16:58]} 53. Rb1
{[%clk 0:02:32]} Rh7 {[%clk 0:15:47]} 54. b4 {[%clk 0:02:30]} axb4
{[%clk 0:15:13]} 55. Rxb4 {[%clk 0:02:37]} f5 {[%clk 0:15:11]} 56. Rb1
{[%clk 0:02:46]} Re7 {[%clk 0:11:58]} 57. a4 {[%clk 0:01:43]} g4 {[%clk 0:11:15]}
58. Rg1 {[%clk 0:01:55]} Kg5 {[%clk 0:10:36]} 59. a5 {[%clk 0:01:46]} Kh4
{[%clk 0:10:07]} 60. fxg4 {[%clk 0:01:25]} fxg4 {[%clk 0:10:33]} 61. Rh1+
{[%clk 0:01:13]} Kg3 {[%clk 0:09:59]} 62. Rh8 {[%clk 0:00:56]} Ne4
{[%clk 0:09:01]}  0-1

[Event "European Senior Team Championship 2021"]
[Site "Don Giovanni hotel, Vinohradska 2733, Prague, Czech Republic"]
[Date "2021.08.30"]
[Round "1"]
[Board "3"]
[White "Vokac, Marek"]
[Black "Michalek, Jan"]
[Result "1-0"]
[WhiteElo "2370"]
[BlackElo "2276"]
[PlyCount "0"]
[EventDate "2021.08.30"]
[EventType "team"]
[EventRounds "9"]
[EventCountry "ECX"]
[WhiteTeam "CZECH REPUBLIC"]
[BlackTeam "1960-69"]

1. d4 {[%clk 1:30:33]} Nf6 {[%clk 1:30:17]} 2. c4 {[%clk 1:30:56]} c5
{[%clk 1:28:43]} 3. d5 {[%clk 1:31:16]} b5 {[%clk 1:28:48]} 4. cxb5
{[%clk 1:31:34]} a6 {[%clk 1:28:56]} 5. b6 {[%clk 1:31:11]} d6 {[%clk 1:29:17]}
6. Nc3 {[%clk 1:31:30]} Nbd7 {[%clk 1:28:49]} 7. a4 {[%clk 1:30:26]} Qxb6
{[%clk 1:28:04]} 8. a5 {[%clk 1:29:55]} Qb4 {[%clk 1:25:23]} 9. Ra4
{[%clk 1:27:13]} Qb7 {[%clk 1:25:45]} 10. Nf3 {[%clk 1:27:25]} g6
{[%clk 1:25:50]} 11. e4 {[%clk 1:26:42]} Bg7 {[%clk 1:25:49]} 12. Nd2
{[%clk 1:26:54]} O-O {[%clk 1:25:15]} 13. Nc4 {[%clk 1:26:28]} Ne8
{[%clk 1:14:11]} 14. Ra3 {[%clk 1:19:26]} Rb8 {[%clk 0:58:07]} 15. Bg5
{[%clk 1:10:54]} Nc7 {[%clk 0:44:12]} 16. Bxe7 {[%clk 1:03:23]} Re8
{[%clk 0:44:06]} 17. Bxd6 {[%clk 1:01:58]} Bxc3+ {[%clk 0:31:34]} 18. bxc3
{[%clk 0:41:45]} Rxe4+ {[%clk 0:18:35]} 19. Be2 {[%clk 0:41:28]} Nb5
{[%clk 0:11:46]} 20. Rb3 {[%clk 0:33:46]} Nxc3 {[%clk 0:07:46]} 21. Rxc3
{[%clk 0:29:29]} Qb4 {[%clk 0:07:54]} 22. Qc1 {[%clk 0:27:37]} Nf6
{[%clk 0:07:36]} 23. Nd2 {[%clk 0:25:47]} Nxd5 {[%clk 0:03:13]} 24. Nxe4
{[%clk 0:24:56]}  1-0

[Event "European Senior Team Championship 2021"]
[Site "Don Giovanni hotel, Vinohradska 2733, Prague, Czech Republic"]
[Date "2021.08.30"]
[Round "1"]
[Board "4"]
[White "Priehoda, Vitezslav"]
[Black "Polasek, Jaroslav"]
[Result "1-0"]
[WhiteElo "2269"]
[BlackElo "2400"]
[PlyCount "0"]
[EventDate "2021.08.30"]
[EventType "team"]
[EventRounds "9"]
[EventCountry "ECX"]
[WhiteTeam "1960-69"]
[BlackTeam "CZECH REPUBLIC"]

1. d4 {[%clk 1:30:57]} f5 {[%clk 1:29:24]} 2. Qd3 {[%clk 1:31:21]} e6
{[%clk 1:27:24]} 3. g4 {[%clk 1:31:45]} d5 {[%clk 1:21:47]} 4. gxf5
{[%clk 1:24:50]} exf5 {[%clk 1:21:06]} 5. Nc3 {[%clk 1:21:06]} c6
{[%clk 1:12:13]} 6. h4 {[%clk 1:06:21]} Bd6 {[%clk 1:10:03]} 7. Bg5
{[%clk 1:04:38]} Ne7 {[%clk 1:09:59]} 8. Nh3 {[%clk 0:59:09]} Na6
{[%clk 0:55:24]} 9. e3 {[%clk 0:56:13]} Bd7 {[%clk 0:52:51]} 10. Nf4
{[%clk 0:46:51]} Qb6 {[%clk 0:48:52]} 11. O-O-O {[%clk 0:46:35]} O-O-O
{[%clk 0:49:01]} 12. Bh3 {[%clk 0:43:33]} Nb4 {[%clk 0:46:11]} 13. Qd2
{[%clk 0:42:24]} Rdf8 {[%clk 0:43:40]} 14. h5 {[%clk 0:39:16]} Rf7
{[%clk 0:40:32]} 15. a3 {[%clk 0:37:41]} Na6 {[%clk 0:40:53]} 16. Nd3
{[%clk 0:35:33]} g6 {[%clk 0:37:57]} 17. Bxe7 {[%clk 0:29:30]} Rxe7
{[%clk 0:38:23]} 18. hxg6 {[%clk 0:29:52]} hxg6 {[%clk 0:38:49]} 19. Bxf5
{[%clk 0:30:04]} Rg8 {[%clk 0:38:43]} 20. Bxd7+ {[%clk 0:30:29]} Kxd7
{[%clk 0:38:52]} 21. Rdg1 {[%clk 0:28:09]} Qd8 {[%clk 0:36:48]} 22. Rg5
{[%clk 0:21:55]} Nc7 {[%clk 0:30:08]} 23. Rhg1 {[%clk 0:18:57]} Qe8
{[%clk 0:29:09]} 24. Qd1 {[%clk 0:11:10]} Ne6 {[%clk 0:22:10]} 25. R5g2
{[%clk 0:10:53]} Kc7 {[%clk 0:20:33]} 26. f4 {[%clk 0:10:29]} Reg7
{[%clk 0:18:44]} 27. Ne5 {[%clk 0:09:41]} Bxe5 {[%clk 0:14:05]} 28. dxe5
{[%clk 0:09:45]} b5 {[%clk 0:12:30]} 29. Ne2 {[%clk 0:08:54]} a5 {[%clk 0:09:49]}
30. Qd2 {[%clk 0:07:52]} Kb6 {[%clk 0:09:54]} 31. Nd4 {[%clk 0:08:16]} Nc5
{[%clk 0:09:57]} 32. Nf5 {[%clk 0:08:20]} Rd7 {[%clk 0:05:45]} 33. Qd4
{[%clk 0:08:37]} a4 {[%clk 0:05:18]} 34. Nh6 {[%clk 0:07:27]} Rgg7
{[%clk 0:05:17]} 35. Ng4 {[%clk 0:07:52]} Qe7 {[%clk 0:02:39]} 36. Nf6
{[%clk 0:07:48]} Rd8 {[%clk 0:02:49]} 37. Rxg6 {[%clk 0:07:25]} Rxg6
{[%clk 0:03:17]} 38. Rxg6 {[%clk 0:07:48]} Kb7 {[%clk 0:02:59]} 39. Qb4
{[%clk 0:03:55]} Rh8 {[%clk 0:03:15]} 40. Rg1 {[%clk 0:03:19]} Rh2
{[%clk 0:02:55]} 41. Kb1 {[%clk 0:01:39]} Kb6 {[%clk 0:29:02]} 42. e4
{[%clk 0:21:57]} Qe6 {[%clk 0:26:38]} 43. Qd4 {[%clk 0:22:17]} Qh3
{[%clk 0:23:05]} 44. exd5 {[%clk 0:21:23]} Qf5 {[%clk 0:23:09]} 45. Rc1
{[%clk 0:20:40]}  1-0

[Event "European Senior Team Championship 2021"]
[Site "Don Giovanni hotel, Vinohradska 2733, Prague, Czech Republic"]
[Date "2021.08.30"]
[Round "1"]
[Board "1"]
[White "Hubeny, Pavel"]
[Black "Malinovsky, Petr"]
[Result "1/2-1/2"]
[WhiteElo "1763"]
[BlackElo "2076"]
[PlyCount "0"]
[EventDate "2021.08.30"]
[EventType "team"]
[EventRounds "9"]
[EventCountry "ECX"]
[WhiteTeam "MAKKABI BOSKOVICE"]
[BlackTeam "SK BOHEMIA PARDUBICE"]

1. e4 {[%clk 1:29:06]} c5 {[%clk 1:30:53]} 2. f4 {[%clk 1:29:32]} d5
{[%clk 1:31:11]} 3. e5 {[%clk 1:29:54]} Nc6 {[%clk 1:30:58]} 4. Nf3
{[%clk 1:30:19]} Bg4 {[%clk 1:31:02]} 5. Bb5 {[%clk 1:30:40]} Qb6
{[%clk 1:31:10]} 6. Bxc6+ {[%clk 1:31:06]} Qxc6 {[%clk 1:31:11]} 7. h3
{[%clk 1:31:29]} Bxf3 {[%clk 1:27:33]} 8. Qxf3 {[%clk 1:30:08]} e6
{[%clk 1:27:41]} 9. c4 {[%clk 1:30:12]} Ne7 {[%clk 1:26:00]} 10. d3
{[%clk 1:29:46]} O-O-O {[%clk 1:23:59]} 11. Nc3 {[%clk 1:29:43]} Nf5
{[%clk 1:15:04]} 12. O-O {[%clk 1:29:24]} h5 {[%clk 1:14:01]} 13. a4
{[%clk 1:28:14]} Be7 {[%clk 1:06:56]} 14. a5 {[%clk 1:28:14]} Nd4
{[%clk 0:59:39]} 15. Qf2 {[%clk 1:27:56]} Rdg8 {[%clk 0:55:42]} 16. a6
{[%clk 1:25:47]} b6 {[%clk 0:55:20]} 17. Be3 {[%clk 1:24:55]} Nf5
{[%clk 0:51:33]} 18. Nb5 {[%clk 1:24:56]} Kb8 {[%clk 0:51:33]} 19. Qf3
{[%clk 1:23:58]} Nh4 {[%clk 0:49:38]} 20. Qe2 {[%clk 1:21:51]} d4
{[%clk 0:48:25]} 21. Bd2 {[%clk 1:21:52]} g5 {[%clk 0:48:22]} 22. f5
{[%clk 1:19:52]} Nxf5 {[%clk 0:47:09]} 23. Rxf5 {[%clk 1:20:08]} exf5
{[%clk 0:47:12]} 24. Re1 {[%clk 1:16:53]} Rg6 {[%clk 0:42:06]} 25. h4
{[%clk 1:15:16]} Rhg8 {[%clk 0:39:55]} 26. e6 {[%clk 1:12:39]} Rxe6
{[%clk 0:33:44]} 27. Qxh5 {[%clk 1:11:37]} gxh4 {[%clk 0:26:17]} 28. Bf4+
{[%clk 1:10:13]} Bd6 {[%clk 0:26:28]} 29. Bxd6+ {[%clk 1:10:11]} Rxd6
{[%clk 0:26:46]} 30. Re2 {[%clk 1:09:41]} Rdg6 {[%clk 0:26:07]} 31. Re4
{[%clk 1:00:11]} Rxg2+ {[%clk 0:20:58]} 32. Kh1 {[%clk 1:00:03]} R2g5
{[%clk 0:05:47]} 33. Qxf7 {[%clk 0:54:59]} Rg1+ {[%clk 0:04:41]} 34. Kh2
{[%clk 0:55:22]} R1g2+ {[%clk 0:04:41]} 35. Kh1 {[%clk 0:55:47]} Rg1+
{[%clk 0:04:47]} 36. Kh2 {[%clk 0:56:13]} R8g2+ {[%clk 0:04:57]} 37. Kh3
{[%clk 0:56:36]} Rg3+ {[%clk 0:05:19]} 38. Kh2 {[%clk 0:57:02]} R3g2+
{[%clk 0:03:20]} 39. Kh3 {[%clk 0:57:24]} Rg3+ {[%clk 0:03:09]} 40. Kh2
{[%clk 0:57:49]} R3g2+ {[%clk 0:03:24]} 41. Kh3 {[%clk 0:58:13]} Rg3+
{[%clk 0:16:37]} 42. Kh2 {[%clk 1:28:35]}  1/2-1/2

[Event "European Senior Team Championship 2021"]
[Site "Don Giovanni hotel, Vinohradska 2733, Prague, Czech Republic"]
[Date "2021.08.30"]
[Round "1"]
[Board "2"]
[White "Paldus, Petr"]
[Black "Zemanek, Jan"]
[Result "1/2-1/2"]
[WhiteElo "2025"]
[BlackElo "1860"]
[PlyCount "0"]
[EventDate "2021.08.30"]
[EventType "team"]
[EventRounds "9"]
[EventCountry "ECX"]
[WhiteTeam "SK BOHEMIA PARDUBICE"]
[BlackTeam "MAKKABI BOSKOVICE"]

1. e4 {[%clk 1:30:56]} c5 {[%clk 1:30:10]} 2. Nf3 {[%clk 1:31:20]} d6
{[%clk 1:30:16]} 3. c3 {[%clk 1:31:44]} e6 {[%clk 1:30:16]} 4. d4
{[%clk 1:32:08]} cxd4 {[%clk 1:30:22]} 5. cxd4 {[%clk 1:32:34]} a6
{[%clk 1:27:08]} 6. Nc3 {[%clk 1:32:47]} Nf6 {[%clk 1:26:31]} 7. Bg5
{[%clk 1:30:56]} Be7 {[%clk 1:26:46]} 8. Bd3 {[%clk 1:26:13]} O-O
{[%clk 1:23:09]} 9. e5 {[%clk 1:19:28]} Nd5 {[%clk 1:17:29]} 10. Bxe7
{[%clk 1:16:36]} Qxe7 {[%clk 1:13:48]} 11. exd6 {[%clk 1:13:04]} Qd8
{[%clk 1:13:55]} 12. O-O {[%clk 1:08:00]} f5 {[%clk 1:08:00]} 13. Nxd5
{[%clk 1:01:02]} exd5 {[%clk 1:08:29]} 14. Ne5 {[%clk 0:57:30]} Qxd6
{[%clk 1:05:54]} 15. Qd2 {[%clk 0:48:18]} Nc6 {[%clk 1:03:18]} 16. Nxc6
{[%clk 0:46:17]} bxc6 {[%clk 0:59:37]} 17. Rac1 {[%clk 0:42:57]} Rb8
{[%clk 0:54:34]} 18. a3 {[%clk 0:40:18]} Rf6 {[%clk 0:48:10]} 19. f4
{[%clk 0:35:05]} Qd8 {[%clk 0:45:49]} 20. Rfe1 {[%clk 0:33:28]} a5
{[%clk 0:44:20]} 21. Rc5 {[%clk 0:27:41]} Qb6 {[%clk 0:42:29]} 22. Qxa5
{[%clk 0:17:45]} Qxb2 {[%clk 0:40:49]} 23. Qc3 {[%clk 0:17:32]} Qxc3
{[%clk 0:33:37]} 24. Rxc3 {[%clk 0:17:59]} Ra8 {[%clk 0:32:50]} 25. Re7
{[%clk 0:07:58]} Ba6 {[%clk 0:29:48]} 26. Bc2 {[%clk 0:07:58]} Bc4
{[%clk 0:22:31]} 27. a4 {[%clk 0:08:01]} g6 {[%clk 0:20:18]} 28. Rce3
{[%clk 0:07:50]} Rc8 {[%clk 0:19:04]} 29. Rb7 {[%clk 0:05:30]} Rf7
{[%clk 0:19:24]} 30. Rxf7 {[%clk 0:03:54]} Kxf7 {[%clk 0:19:51]} 31. Bb3
{[%clk 0:02:49]} Ra8 {[%clk 0:17:22]} 32. Bxc4 {[%clk 0:03:05]} dxc4
{[%clk 0:17:50]} 33. Ra3 {[%clk 0:03:25]} Ra5 {[%clk 0:17:10]} 34. Kf2
{[%clk 0:03:39]} Ke6 {[%clk 0:17:22]} 35. Ke3 {[%clk 0:02:56]} Kd5
{[%clk 0:17:35]} 36. Ra2 {[%clk 0:02:13]} c5 {[%clk 0:17:04]} 37. dxc5
{[%clk 0:02:37]} Kxc5 {[%clk 0:16:44]} 38. Ra1 {[%clk 0:02:23]} Ra6
{[%clk 0:16:07]} 39. a5 {[%clk 0:01:59]} Re6+ {[%clk 0:14:24]} 40. Kd2
{[%clk 0:01:34]} Kb5 {[%clk 0:11:39]} 41. Kc3 {[%clk 0:29:53]} Re3+
{[%clk 0:39:40]} 42. Kd2 {[%clk 0:25:46]} Re6 {[%clk 0:38:22]} 43. Kc3
{[%clk 0:22:49]} Re3+ {[%clk 0:38:44]} 44. Kd2 {[%clk 0:22:50]} Re6
{[%clk 0:38:20]} 45. g3 {[%clk 0:21:01]} Rd6+ {[%clk 0:36:08]} 46. Kc2
{[%clk 0:17:17]} Re6 {[%clk 0:36:27]} 47. Kc3 {[%clk 0:13:13]} Re3+
{[%clk 0:36:10]} 48. Kd2 {[%clk 0:13:00]} Re6 {[%clk 0:36:25]} 49. h3
{[%clk 0:13:14]} Rd6+ {[%clk 0:36:37]} 50. Kc2 {[%clk 0:13:37]} Re6
{[%clk 0:35:23]} 51. g4 {[%clk 0:13:23]} fxg4 {[%clk 0:34:59]} 52. hxg4
{[%clk 0:13:51]} Ka6 {[%clk 0:34:39]} 53. Kc3 {[%clk 0:10:27]} Re4
{[%clk 0:29:18]} 54. Rf1 {[%clk 0:09:45]} Kxa5 {[%clk 0:27:26]} 55. f5
{[%clk 0:10:11]} gxf5 {[%clk 0:26:52]} 56. gxf5 {[%clk 0:10:40]} Kb5
{[%clk 0:26:48]} 57. f6 {[%clk 0:11:01]} Re8 {[%clk 0:26:54]} 58. f7
{[%clk 0:08:34]} Rf8 {[%clk 0:27:02]} 59. Kd4 {[%clk 0:08:14]} c3
{[%clk 0:26:04]} 60. Kxc3 {[%clk 0:04:24]}  1/2-1/2

[Event "European Senior Team Championship 2021"]
[Site "Don Giovanni hotel, Vinohradska 2733, Prague, Czech Republic"]
[Date "2021.08.30"]
[Round "1"]
[Board "4"]
[White "Danek, Pavel"]
[Black "Sysr, Pavel"]
[Result "1-0"]
[WhiteElo "1870"]
[BlackElo "1563"]
[PlyCount "0"]
[EventDate "2021.08.30"]
[EventType "team"]
[EventRounds "9"]
[EventCountry "ECX"]
[WhiteTeam "SK BOHEMIA PARDUBICE"]
[BlackTeam "MAKKABI BOSKOVICE"]

1. d4 {[%clk 1:30:54]} d5 {[%clk 1:30:49]} 2. Nf3 {[%clk 1:31:18]} Nf6
{[%clk 1:31:06]} 3. Bg5 {[%clk 1:31:36]} e6 {[%clk 1:30:36]} 4. Nbd2
{[%clk 1:30:43]} Be7 {[%clk 1:30:38]} 5. e3 {[%clk 1:30:57]} O-O {[%clk 1:30:55]}
6. Bd3 {[%clk 1:31:19]} Nbd7 {[%clk 1:30:10]} 7. c3 {[%clk 1:31:20]} c6
{[%clk 1:30:14]} 8. Qc2 {[%clk 1:31:18]} h6 {[%clk 1:30:14]} 9. Bh4
{[%clk 1:31:28]} Qc7 {[%clk 1:29:17]} 10. e4 {[%clk 1:28:30]} e5 {[%clk 1:24:51]}
11. O-O {[%clk 1:26:14]} Re8 {[%clk 1:24:02]} 12. Rae1 {[%clk 1:23:19]} dxe4
{[%clk 1:22:20]} 13. Nxe4 {[%clk 1:22:38]} Nxe4 {[%clk 1:17:50]} 14. Bxe4
{[%clk 1:16:27]} Bxh4 {[%clk 1:15:14]} 15. Nxh4 {[%clk 1:15:25]} Nf6
{[%clk 1:14:14]} 16. dxe5 {[%clk 1:07:59]} Rxe5 {[%clk 1:12:03]} 17. Bd3
{[%clk 0:51:37]} Bd7 {[%clk 1:07:20]} 18. Rxe5 {[%clk 0:50:11]} Qxe5
{[%clk 1:07:34]} 19. Nf3 {[%clk 0:50:10]} Qc7 {[%clk 1:05:55]} 20. Re1
{[%clk 0:48:20]} Re8 {[%clk 1:05:47]} 21. Rxe8+ {[%clk 0:47:49]} Bxe8
{[%clk 1:06:00]} 22. Qe2 {[%clk 0:45:34]} c5 {[%clk 0:57:37]} 23. Qe5
{[%clk 0:32:36]} Qxe5 {[%clk 0:51:25]} 24. Nxe5 {[%clk 0:32:49]} Kf8
{[%clk 0:50:12]} 25. f4 {[%clk 0:30:00]} Ke7 {[%clk 0:45:38]} 26. Kf2
{[%clk 0:28:03]} Kd6 {[%clk 0:42:59]} 27. Bc4 {[%clk 0:24:36]} Ke7
{[%clk 0:39:08]} 28. Ke3 {[%clk 0:19:27]} b5 {[%clk 0:37:11]} 29. Bd3
{[%clk 0:16:32]} Nd5+ {[%clk 0:34:40]} 30. Kf3 {[%clk 0:14:41]} f6
{[%clk 0:31:51]} 31. Ng6+ {[%clk 0:11:23]} Bxg6 {[%clk 0:30:35]} 32. Bxg6
{[%clk 0:11:43]} Kd6 {[%clk 0:30:28]} 33. Bf7 {[%clk 0:05:46]} a5
{[%clk 0:24:05]} 34. Ke4 {[%clk 0:04:23]} Ne7 {[%clk 0:24:13]} 35. Be8
{[%clk 0:03:24]} b4 {[%clk 0:24:18]} 36. cxb4 {[%clk 0:03:26]} axb4
{[%clk 0:22:21]} 37. a3 {[%clk 0:02:06]} bxa3 {[%clk 0:17:11]} 38. bxa3
{[%clk 0:02:25]} Nd5 {[%clk 0:15:23]} 39. Bf7 {[%clk 0:00:52]} Nb6
{[%clk 0:13:39]} 40. h4 {[%clk 0:00:35]} Ke7 {[%clk 0:10:45]} 41. Bb3
{[%clk 0:29:00]} g6 {[%clk 0:36:31]} 42. a4 {[%clk 0:28:50]} Kd6 {[%clk 0:29:03]}
43. a5 {[%clk 0:27:23]} Nc8 {[%clk 0:27:27]} 44. g4 {[%clk 0:22:33]} Kc6
{[%clk 0:27:14]} 45. Ba4+ {[%clk 0:21:44]} Kd6 {[%clk 0:27:17]} 46. Be8
{[%clk 0:21:01]} Ne7 {[%clk 0:26:07]} 47. Bf7 {[%clk 0:10:56]} Kc6
{[%clk 0:23:16]} 48. Be8+ {[%clk 0:10:12]} Kd6 {[%clk 0:18:37]} 49. Bf7
{[%clk 0:07:31]} Kc6 {[%clk 0:17:52]} 50. g5 {[%clk 0:04:38]} hxg5
{[%clk 0:13:23]} 51. Be8+ {[%clk 0:01:33]} Kd6 {[%clk 0:12:07]} 52. hxg5
{[%clk 0:01:52]} fxg5 {[%clk 0:11:28]} 53. fxg5 {[%clk 0:02:16]} Kc7
{[%clk 0:11:25]} 54. Ke5 {[%clk 0:01:59]} Kd8 {[%clk 0:03:15]} 55. Bb5
{[%clk 0:02:26]} Kc7 {[%clk 0:01:49]} 56. Kf6 {[%clk 0:02:08]} Kd6
{[%clk 0:01:51]} 57. a6 {[%clk 0:01:26]} Nd5+ {[%clk 0:01:10]} 58. Kxg6
{[%clk 0:01:20]} Nc7 {[%clk 0:01:31]} 59. Bc4  1-0

[Event "European Senior Team Championship 2021"]
[Site "Don Giovanni hotel, Vinohradska 2733, Prague, Czech Republic"]
[Date "2021.08.30"]
[Round "1"]
[Board "1"]
[White "Richtrova, Eliska"]
[Black "Stohl, Igor"]
[Result "1/2-1/2"]
[WhiteElo "2186"]
[BlackElo "2462"]
[PlyCount "0"]
[EventDate "2021.08.30"]
[EventType "team"]
[EventRounds "9"]
[EventCountry "ECX"]
[WhiteTeam "CZECH REPUBLIC WOMEN"]
[BlackTeam "SLOVAKIA"]

1. Nf3 {[%clk 1:30:43]} Nf6 {[%clk 1:30:44]} 2. c4 {[%clk 1:30:53]} b6
{[%clk 1:30:38]} 3. b3 {[%clk 1:29:24]} g6 {[%clk 1:29:10]} 4. Bb2
{[%clk 1:29:46]} Bg7 {[%clk 1:29:33]} 5. e3 {[%clk 1:28:45]} c5 {[%clk 1:28:46]}
6. Be2 {[%clk 1:21:22]} Bb7 {[%clk 1:27:06]} 7. O-O {[%clk 1:21:07]} O-O
{[%clk 1:27:29]} 8. d4 {[%clk 1:19:12]} cxd4 {[%clk 1:20:08]} 9. Nxd4
{[%clk 1:14:19]} d5 {[%clk 1:10:53]} 10. Nd2 {[%clk 1:08:15]} Nbd7
{[%clk 1:07:02]} 11. Rc1 {[%clk 1:04:19]} Rc8 {[%clk 1:05:33]} 12. Rc2
{[%clk 0:48:10]} a6 {[%clk 1:00:23]} 13. Qa1 {[%clk 0:34:28]} dxc4
{[%clk 0:53:11]} 14. Rfc1 {[%clk 0:29:03]} cxb3 {[%clk 0:45:58]} 15. Rxc8
{[%clk 0:29:27]} Bxc8 {[%clk 0:46:26]} 16. Nc6 {[%clk 0:28:49]} Qe8
{[%clk 0:43:25]} 17. axb3 {[%clk 0:29:15]} Nc5 {[%clk 0:38:43]} 18. Nd4
{[%clk 0:23:38]} Nd5 {[%clk 0:30:33]} 19. N4f3 {[%clk 0:16:57]} Bxb2
{[%clk 0:28:43]} 20. Qxb2 {[%clk 0:17:25]} a5 {[%clk 0:24:39]} 21. Nc4
{[%clk 0:15:57]} Nb4 {[%clk 0:21:52]} 22. Nfe5 {[%clk 0:10:34]} Be6
{[%clk 0:12:09]} 23. Nxb6 {[%clk 0:07:13]} Nxb3 {[%clk 0:11:59]} 24. Rd1
{[%clk 0:06:09]} Nc5 {[%clk 0:09:39]} 25. Qd4 {[%clk 0:06:14]} Nb3
{[%clk 0:09:14]} 26. Qb2 {[%clk 0:06:01]} Nc5 {[%clk 0:09:31]} 27. Qd4
{[%clk 0:06:25]} Nb3 {[%clk 0:09:53]} 28. Qb2 {[%clk 0:06:49]}  1/2-1/2